Central Library OPAC University of Rajshahi

Internal war : (Record no. 41752)

MARC details
000 -LEADER
fixed length control field 00774nam a2200253 a 4500
001 - CONTROL NUMBER
control field 41752
003 - CONTROL NUMBER IDENTIFIER
rucl marc code BD-RjUL
005 - DATE AND TIME OF LATEST TRANSACTION
control field 20211209053438.0
008 - FIXED-LENGTH DATA ELEMENTS--GENERAL INFORMATION
fixed length control field 160605s1964 nyu b 001 0 eng
035 ## - SYSTEM CONTROL NUMBER
System control number 64-11221
System control number (BD-RjUL)41870
040 ## - CATALOGING SOURCE
Original cataloging agency DLC
Transcribing agency HIR
Modifying agency OCL
-- m.c
-- BD-RjUL
Language of cataloging eng
041 ## - LANGUAGE CODE
Language code of text/sound track or separate title eng
082 ## - DEWEY DECIMAL CLASSIFICATION NUMBER
Classification number 323.2
Author mark and year INT 1964
245 00 - TITLE STATEMENT
Title Internal war :
Remainder of title problems and approaches /
Statement of responsibility, etc. Harry Eckstein, editor.
260 ## - PUBLICATION, DISTRIBUTION, ETC. (IMPRINT)
Place of publication, distribution, etc. New York :
Name of publisher, distributor, etc. Free Press ;
Place of publication, distribution, etc. London :
Name of publisher, distributor, etc. Collier-Macmillan,
Date of publication, distribution, etc. c1964.
300 ## - PHYSICAL DESCRIPTION
Pagination x, 339 p. ;
Size 21 cm.
504 ## - BIBLIOGRAPHY, ETC. NOTE
Bibliography, etc Includes bibliographical references and index.
650 #0 - SUBJECT ADDED ENTRY--TOPICAL TERM
Topical term or geographic name as entry element Government, Resistance to.
9 (RLIN) 128125
Topical term or geographic name as entry element Revolutions.
9 (RLIN) 128261
700 1# - ADDED ENTRY--PERSONAL NAME
Personal name Eckstein, Harry.
942 ## - ADDED ENTRY ELEMENTS (KOHA)
Source of classification or shelving scheme Dewey Decimal Classification
Koha item type Books
Holdings
Lost status Source of classification or shelving scheme Damaged status Not for loan Collection code Permanent Location Current Location Shelving location Date acquired Source of acquisition Cost, normal purchase price Total Checkouts Full call number Date last seen Copy number Koha item type
  Dewey Decimal Classification   Not For Loan Non-fiction Central Library, University of Rajshahi Central Library, University of Rajshahi Reading Room 09/11/1967 Sweets ana Zait. 55.00   323.2 INT 1964 05/06/2016 C-1 Books